Central Library OPAC University of Rajshahi

Psychology in a Third World country : (Record no. 54812)

MARC details
000 -LEADER
fixed length control field 00959nam a2200277 a 4500
001 - CONTROL NUMBER
control field 54812
003 - CONTROL NUMBER IDENTIFIER
rucl marc code BD-RjUL
005 - DATE AND TIME OF LATEST TRANSACTION
control field 20211209080155.0
008 - FIXED-LENGTH DATA ELEMENTS--GENERAL INFORMATION
fixed length control field 161110s1986 ii b 000 0 eng
020 ## - INTERNATIONAL STANDARD BOOK NUMBER
International Standard Book Number 0803994990
035 ## - SYSTEM CONTROL NUMBER
System control number (BD-RjUL)54934
040 ## - CATALOGING SOURCE
Original cataloging agency DLC
Transcribing agency DLC
Modifying agency BD-RjUL
Language of cataloging eng
041 ## - LANGUAGE CODE
Language code of text/sound track or separate title eng
082 00 - DEWEY DECIMAL CLASSIFICATION NUMBER
Classification number 150.954
Edition number 23
Author mark and year SIP 1986
100 1# - MAIN ENTRY--PERSONAL NAME
Personal name Sinha, Durganand.
9 (RLIN) 163394
245 10 - TITLE STATEMENT
Title Psychology in a Third World country :
Remainder of title the Indian experience /
Statement of responsibility, etc. Durganand Sinha.
260 ## - PUBLICATION, DISTRIBUTION, ETC. (IMPRINT)
Place of publication, distribution, etc. New Delhi :
Name of publisher, distributor, etc. Sage Publications,
Date of publication, distribution, etc. c1986.
300 ## - PHYSICAL DESCRIPTION
Pagination 160 p. ;
Size 23 cm.
504 ## - BIBLIOGRAPHY, ETC. NOTE
Bibliography, etc Bibliography: p. [131]-160.
650 #0 - SUBJECT ADDED ENTRY--TOPICAL TERM
Topical term or geographic name as entry element Psychology
Geographic subdivision India
General subdivision History.
9 (RLIN) 163395
Topical term or geographic name as entry element Psychology
Geographic subdivision India.
9 (RLIN) 163396
856 42 - ELECTRONIC LOCATION AND ACCESS
Materials specified Publisher description
Uniform Resource Identifier <a href="http://www.loc.gov/catdir/enhancements/fy0657/85026151-d.html">http://www.loc.gov/catdir/enhancements/fy0657/85026151-d.html</a>
Materials specified Table of contents only
Uniform Resource Identifier <a href="http://www.loc.gov/catdir/enhancements/fy0657/85026151-t.html">http://www.loc.gov/catdir/enhancements/fy0657/85026151-t.html</a>
942 ## - ADDED ENTRY ELEMENTS (KOHA)
Source of classification or shelving scheme Dewey Decimal Classification
Koha item type Books
Holdings
Lost status Source of classification or shelving scheme Damaged status Not for loan Collection code Permanent Location Current Location Shelving location Date acquired Source of acquisition Total Checkouts Full call number Date last seen Copy number Koha item type
  Dewey Decimal Classification     Non-fiction Central Library, University of Rajshahi Central Library, University of Rajshahi   29/08/2008 Donation   150.954 SIP 1986 10/11/2016 C-2 Books
  Dewey Decimal Classification   Not For Loan Non-fiction Central Library, University of Rajshahi Central Library, University of Rajshahi Rare Book Section 27/08/2008 R.U.C.L, Prosasok.   150.954 SIP 1986 15/03/2017 C-1 Books